Democracia solidaria o caída del sistema : análisis de la realidad nacional, año de 1994 /

El Centro Tata Vasco es una asociación civil no lucrativa e independiente, se inspira en los grandes valores cristianos y profundiza en el conocimiento de la realidad mexicana, publica semestralmente un documento titulado Análisis de la realidad nacional. En este volumen se evalúa el año 1994 en el...

ver descrição completa

Na minha lista:
Detalhes bibliográficos
Autor Corporativo: Centro Tata Vasco
Outros Autores: Vergara Aceves, Jesús (coordinación) (coordinación), Méndez, Leonardo (coordinación) (coordinación)
Formato: Livro
Idioma:espanhol
Assuntos:
Tags: Adicionar Tag
Sem tags, seja o primeiro a adicionar uma tag!

MARC

LEADER 00000nam^a2200000^a^4500
001 000185896
005 20250521000000.0
009 20260310102205.812
037 |a Acervo ITESO - Biblioteca 
041 |a ESP 
082 |a 320. 97206  |b ANA 1994 
110 |a Centro Tata Vasco 
240 1 1 |a [Análisis de la realidad nacional] 
245 1 0 |a Democracia solidaria o caída del sistema :  |b análisis de la realidad nacional, año de 1994 /  |c Centro Tata Vasco ; coord. de J. Vergara Aceves, L. Méndez. 
264 |a México :  |b Centro Tata Vasco,  |c 1995 
300 |a 89 p. 
336 |a texto  |b txt  |2 rdacontenido 
337 |a sin mediación  |b n  |2 rdamedio 
338 |a volumen  |b nc  |2 rdasoporte 
520 |a El Centro Tata Vasco es una asociación civil no lucrativa e independiente, se inspira en los grandes valores cristianos y profundiza en el conocimiento de la realidad mexicana, publica semestralmente un documento titulado Análisis de la realidad nacional. En este volumen se evalúa el año 1994 en el que se aborda la prosperidad de la economía mexicana en un año de elecciones presidenciales y que terminó con la devaluación de diciembre de 1994 ya iniciado el periodo presidencial de Ernesto Zedillo que suplió a Carlos Salinas de Gortari. 
649 |a XX 
650 |a Política -  |x Publicaciones Periódicas Mexicanas -  |x Tema Principal 
650 |a Elecciones -  |z México -  |x Análisis 
650 |a Devaluación de la Moneda -  |z México -  |x Historia -  |y 1994-2000 
650 |a Democracia -  |z México 
650 |a Modelo Económico -  |z México 
650 |a Problemas Sociales -  |z México 
650 |a Análisis de Coyuntura -  |z México -  |x Historia -  |y 1990-1999 
650 |a Análisis Económico -  |z México -  |x Historia -  |y 1990-1999 
650 |a Política -  |z México -  |x Historia -  |y 1988-1994 
650 |a Política -  |z México -  |x Historia -  |y 1994-2000 
650 |a Política -  |z México -  |x Historia -  |y Siglo XX 
650 |a México -  |x Condiciones Políticas 
650 |a Publicaciones Periódicas Mexicanas 
700 |a Vergara Aceves, Jesús  |e (coordinación) 
700 |a Méndez, Leonardo  |e (coordinación) 
910 |a Fondo General 
920 |a Impresos - Libros 
930 |a Colección General 
905 |a 101 
901 |a 0500127423  |b IT1  |c ACC  |u 20250521 
901 |a 0500190890  |b IT1  |c ACC  |u 20250521 
902 |a https://opac.biblio.iteso.mx/vufind/Record/000185896